Statistics for Song Titles with Shared First Words #4

Click here to take the quiz!

General Stats

  • This quiz has been taken 1,648 times
    (1,551 since last reset)
  • The average score is 17 of 24

Answer Stats

Ends Of Song TitlesFirst Word% Correct
Brick In The Wall, One Bites The DustAnother
99%
A Girl Wants, Do You Mean?What
98%
Is It, Let The Dogs Out?Who
97%
Comes The Hotstepper, I Go AgainHere
95%
Give Love A Bad Name, Really Got MeYou
95%
Than Words, Than A FeelingMore
93%
Days, Boots Are Made for Walkin'These
93%
Woman, PieAmerican
90%
A Believer, Too SexyI'm
88%
Suede Shoes, Moon, VelvetBlue
84%
Christmas, WeddingWhite
80%
Me Amadeus, Around The ClockRock
79%
Beneath My Wings, Of ChangeWind
79%
The Best For Last, TonightSave
75%
End Girls, CoastWest
74%
Don't Preach, Was A Rolling StonePapa
72%
Back The Years, Out For A HeroHolding
59%
Jiggy Wit It, Ready For LoveGettin'
58%
Of The Road, GameEnd
56%
Where We Belong, All NightUp
44%
On The Run, Of GoldBand
41%
You Loved Me, I Got HighBecause
38%
To Tell, ForeverLive
25%
Of You, Of My Heart, Of Things To ComeShape
25%

Score Distribution

Percentile by Number Answered

Percent of People with Each Score

Your Score History

You have not taken this quiz since the last reset